00844nam a22002537a 45000010005000000030006000050050017000110080041000280200018000690400029000870500014001160820008001301000027001382450046001652500027002112600035002383000022002735050007002955200196003025210019004985210018005176500030005356500025005654619FISKH20240918105724.0240918b cb ||||| |||| 00| 0 eng d a9780439113106 aFISKHbengcFISKHdFISKH aPZ7.B5338 2813 aBlackwood, Garyd1945- aThe shakespeare stealer /cGary Blackwood aFirst printing in 1999 aNew York :bScholastic,c1999. a216 pages :c20cm aR  aA young orphan boy is ordered by his master to infiltrate Shakespeare's acting troupe in order to steal the script of "Hamlet," but he discovers instead the meaning of friendship and loyalty.8 a780L bLexile 8 aR bRaz-Plus  2FictionaEnglandvTheatre 2Young adultaMystery